000 00367nam a2200133Ia 4500
008 100328s9999 xx 000 0 und d
082 _b59864
100 _aदेवधर जोत्स्ना.
245 _aकुँवरणी.
260 _bमंगलदीप.
630 _aकुँवरणी.
730 _aकुँवरणी.
942 _cBOOK
999 _c546052
_d546049